Vitamin B : Balancing body & mind

Bibliographic Details
Main Author: Pedersen, Stephanie
Format: Book
Published: New York : Dorling Kindersley Publishing, Inc. , 2000
Subjects:

MARC

LEADER 00000cam a2200000 7i4500
001 0000017334
005 20080516.0
008 160508
020 |a 0789451956 
090 0 0 |a 612.399   |b PED 
100 1 |a Pedersen, Stephanie 
245 1 0 |a Vitamin B :   |b Balancing body & mind   |c Stephanie Pedersen 
260 |a New York :   |b Dorling Kindersley Publishing, Inc. ,   |c 2000 
650 0 |a Vitamin B in human untrition   |x Popular works 
999 |a 0001015124   |b Book   |c Adult Collection   |e Perbadanan Perpustakaan Awam Johor 
999 |a 0001015125   |b Book   |c Adult Collection   |e Perbadanan Perpustakaan Awam Johor